00508nam a2200193 a 4500001001300000003000900013005001700022008004100039020002300080082001300103100001800116245002900134260004300163300001000206500003500216505002000251650002500271700001800296nice12345678IN_TiNIC20260116014408.0131023s2011 newa grp 000 0 eng  a9788188951420c22500a920bHIT aHitler, Adolf aMein Kampf (My Struggle) aNew Delhi bPenguin Books India c2011 a629p  aincludes index and biblioraphy2 aEpilogue, Index aAutobiography-Hitler1 aHitler, Adolf